000 01428nam a22003497a 4500
003 CHAP
005 20220329143824.0
008 111007s2010 mx a r 00010 spa d
010 _a102348
011 _a103320
020 _a968484655X (Colección)
020 _a978-607-495-032-8
035 _a114009
040 _cCHAP
082 0 4 _a972.083
_bAd72
245 0 0 _aAdolfo López Mateos :
_buna vida dedicada a la política, 1910-2010. Centenario de su natalicio
_c/editado por Gobierno del Estado de México
260 _aToluca, Edo. de Méx. :
_bGobierno del Estado de México,
_c2010
300 _a445 p. :
_bilus., cuadros, gráfs.
490 0 _aBiblioteca Mexiquense del Bicentenario.
_pColección Mayor.
_pEstado de México: patrimonio de un pueblo
590 _aBATCH-UPD
_b10
_c20130110
_lUCH01
_h1249
590 _aBATCH-UPD
_b10
_c20130410
_lUCH01
_h0812
590 _aBATCH-UPD
_b10
_c20130914
_lUCH01
_h1733
590 _aBATCH-UPD
_b10
_c20161124
_lUCH01
_h1714
590 _aCONVERSION
_b10
_c20130109
_lUCH01
_h1356
600 1 4 _aLópez Mateos, Adolfo
_d1910 - 1969,
_968101
650 1 4 _aPolíticos mexicanos.
_990723
651 4 _aMéxico
_xPolítica y gobierno.
_976783
830 0 _aBiblioteca Mexiquense del Bicentenario.
_pColección Mayor.
_pEstado de México: patrimonio de un pueblo
_912425
901 _aBK
942 _cLIBRO
949 _a972.083 Ad72
_bBC
_cLIBRO
_d33724002308231
_eLIBRO
_h115974
_i114009
_sb
999 _c102348
_d102348